Online Catalogue and eLibrary

In search of florentine civic humanism : (Record no. 3514)

MARC details
000 -LEADER
fixed length control field 00530nam a2200181Ia 4500
005 - DATE AND TIME OF LATEST TRANSACTION
control field 20250115023009.0
008 - FIXED-LENGTH DATA ELEMENTS--GENERAL INFORMATION
fixed length control field 240331s9999 xx 000 0 und d
020 ## - INTERNATIONAL STANDARD BOOK NUMBER
ISBN 0691055130
082 ## - DDC Classification
Item Number - Author Mark BAR
Class No. 945
100 ## - MAIN ENTRY--PERSONAL NAME
Personal name Baron, H
245 #0 - TITLE STATEMENT
Title In search of florentine civic humanism :
Remainder of title Essays on the transition from medival to Modern thought-Vol.II
260 ## - PUBLICATION, DISTRIBUTION, ETC.
Place of publication, distribution, etc. New Jersey
Name of publisher, distributor, etc. Princeton University Press
Date of publication, distribution, etc. 1900
300 ## - PHYSICAL DESCRIPTION
Extent (e.g. Volumes, Pages etc.) 218 p ., Volume II
650 ## - SUBJECT ADDED ENTRY--TOPICAL TERM
Topical term or geographic name entry element Humanism
650 ## - SUBJECT ADDED ENTRY--TOPICAL TERM
Topical term or geographic name entry element Florence (Italy)
650 ## - SUBJECT ADDED ENTRY--TOPICAL TERM
Topical term or geographic name entry element Politics
942 ## - Koha item type (Biblio)
Koha item type Books in Stacks (Lending)
Holdings
Lost status Damaged status Collection code Home library Current library Shelving location Date acquired Full call number Accession Number Item type
    Lending WERC Library WERC Library Social Science Cupboard 03/31/2024 945.51 BAR 2272 Books in Stacks (Lending)

© WERC Library